000 00423nam a2200169Ia 4500
008 221030s9999 xx 000 0 und d
020 _a9812530967
041 _aEnglish
082 _a105.23
_bAnd
100 _aT. W. Anderson
245 3 _aAn Introduction to Multivariate Statistical Analysis
_cby T. W. Anderson
250 _a3rd
260 _bJohn Willey
_c2006
300 _a721
650 _aMCA Maths
942 _cBK
999 _c2679
_d2679